000 00257nam a2200109 a 4500
005 20200930074346.0
008 111101s2001 000 spa d
020 _a8484500152
245 0 _aHija de la fortuna.
260 _aEspaƱa,
_c2001.
999 _c34951
_d34951
040 _aDO-SdBNP